000 00386nam a2200157Ia 4500
008 230917s9999||||xx |||||||||||||| ||und||
020 _cRS250
040 _e8892
_aMAIN
041 _aEnglish
082 _a327.51 G346C
100 _aGhoble, T R
245 0 _aChina's foreign policy: Opning to the west
260 _aNew Delhi
_bDeep and Deep
_c1990
300 _a252 p.
942 _cBK
999 _c69399
_d69399